[Event "FIDE Disabilities Olym"]
[Site "Belgrade"]
[Date "2023.01.31"]
[Round "?"]
[White "Moldovanovic, Dragan"]
[Black "Bursuc, Mihai"]
[Result "1-0"]
[WhiteElo "2019"]
[BlackElo "1823"]
[PlyCount "121"]
[EventDate "2023.01.30"]
[EventType "team-swiss"]
[EventRounds "6"]
[EventCountry "SRB"]
[SourceTitle "CBM 212 Extra"]
[Source "ChessBase"]
[SourceDate "2023.03.31"]
[SourceVersion "1"]
[SourceVersionDate "2023.03.31"]
[SourceQuality "1"]
[WhiteTeam "ICCD"]
[BlackTeam "Romania"]
[BlackTeamCountry "ROU"]

1. d4 Nf6 2. c4 g6 3. Nc3 Bg7 4. e4 d6 5. Nf3 0-0 6. Be2 e5 7. d5 Ne8 8. 0-0 a5 9. Ne1 f5 10. Nd3 b6 11. f3 f4 12. b4 Nd7 13. Bd2 Rf7 14. a3 g5 15. Qc2 Bf8 16. Na4 Ndf6 17. c5 g4 18. Be1 gxf3 19. Bxf3 Bg4 20. Bf2 Rg7 21. Kh1 Rb8 22. Rac1 bxc5 23. bxc5 Qd7 24. cxd6 Bxd6 25. Nac5 Qf7 26. Qe2 Qg6 27. Ne6 Bxe6 28. dxe6 Ng4 29. a4 Qxe6 30. Rc6 Nxf2+ 31. Nxf2 Qb3 32. Ng4 Qe6 33. h3 Rb4 34. Rd1 Rxa4 35. Qb5 Rb4 36. Qxa5 Rb8 37. Qa7 Rd8 38. Rd5 Qg6 39. Nxe5 Qg3 40. Ng4 Qe1+ 41. Qg1 Qxg1+ 42. Kxg1 Ra8 43. e5 Ra1+ 44. Kh2 Be7 45. Nf6+ Kf8 46. Rd4 Rf7 47. Nxe8 Bh4 48. Rd1 Bg3+ 49. Kg1 Rxd1+ 50. Bxd1 Re7 51. Nf6 f3 52. Bxf3 Bxe5 53. Ne4 Kg7 54. Kf2 Bd4+ 55. Kg3 h6 56. h4 Rf7 57. h5 Be3 58. Nc5 Bf4+ 59. Kg4 Bd6 60. Ne6+ Kh8 61. Be4 1-0

[Event "EU-ch Silent"]
[Site "Lvov"]
[Date "2019.07.19"]
[Round "6"]
[White "Mochalsky, Dmitry"]
[Black "Moldovanovic, Dragan"]
[Result "0-1"]
[WhiteElo "1606"]
[BlackElo "2030"]
[PlyCount "74"]
[EventDate "2019.07.16"]
[EventType "swiss"]
[EventRounds "7"]
[EventCountry "UKR"]
[SourceTitle "CBM 191 Extra"]
[Source "ChessBase"]
[SourceDate "2019.09.30"]
[SourceVersion "1"]
[SourceVersionDate "2019.09.30"]
[SourceQuality "1"]

1. c4 e6 2. Nc3 d5 3. cxd5 exd5 4. d4 Nf6 5. e3 c6 6. Bd3 Bd6 7. h3 0-0 8. Nf3 Re8 9. Qc2 Nbd7 10. b3 Nf8 11. Bb2 Bd7 12. Nd2 Rc8 13. Bf5 Ne6 14. 0-0 Ng5 15. h4 Bxf5 16. Qxf5 Nge4 17. Ndxe4 Nxe4 18. Nxe4 Rxe4 19. g3 g6 20. Qf3 Qd7 21. a4 Rg4 22. Ba3 Bxg3 23. fxg3 h5 24. Rae1 Re8 25. Re2 Ree4 26. Kh2 Qc7 27. Kh3 g5 28. hxg5 Rxg5 29. Bb4 f5 30. Be1 Reg4 31. Rg2 Qd7 32. Kh2 Qe6 33. Rh1 Kg7 34. Kg1 Kg6 35. Rh4 b6 36. Rxg4 fxg4 37. Rf2 gxf3 0-1

[Event "EU-ch Silent"]
[Site "Lvov"]
[Date "2019.07.18"]
[Round "4"]
[White "Moldovanovic, Dragan"]
[Black "Choroszej, Aleksander"]
[Result "0-1"]
[WhiteElo "2030"]
[BlackElo "2010"]
[PlyCount "64"]
[EventDate "2019.07.16"]
[EventType "swiss"]
[EventRounds "7"]
[EventCountry "UKR"]
[SourceTitle "CBM 191 Extra"]
[Source "ChessBase"]
[SourceDate "2019.09.30"]
[SourceVersion "1"]
[SourceVersionDate "2019.09.30"]
[SourceQuality "1"]

1. d4 g6 2. c4 Bg7 3. Nc3 d6 4. Nf3 Nf6 5. Bg5 h6 6. Bh4 0-0 7. e4 c5 8. e5 Ng4 9. h3 cxd4 10. Nd5 Nxe5 11. Nxe5 g5 12. Bxg5 hxg5 13. Nf3 e6 14. Nb4 Nc6 15. a3 Nxb4 16. axb4 e5 17. Qd2 f5 18. Qxg5 e4 19. Qxd8 Rxd8 20. Nd2 d3 21. 0-0-0 Be6 22. g4 Rac8 23. b3 d5 24. gxf5 Bxf5 25. Rg1 Kf7 26. Rg5 Be6 27. Kb1 Bh6 28. Rh5 Kg6 29. Re5 Kf6 30. Rh5 Bxd2 31. Rxd2 dxc4 32. bxc4 Rxc4 0-1

[Event "Stari Banovci Vidovdan op"]
[Site "Stari Banovci"]
[Date "2019.06.27"]
[Round "1"]
[White "Moldovanovic, Dragan"]
[Black "Lorparizangeneh, Shahin"]
[Result "0-1"]
[WhiteElo "2057"]
[BlackElo "2494"]
[PlyCount "50"]
[EventDate "2019.06.27"]
[EventType "swiss"]
[EventRounds "9"]
[EventCountry "SRB"]
[SourceTitle "EXT 2020"]
[Source "ChessBase"]
[SourceDate "2019.10.17"]
[SourceVersion "1"]
[SourceVersionDate "2019.10.17"]
[SourceQuality "1"]

1. d4 Nf6 2. c4 g6 3. Nc3 d5 4. Nf3 Bg7 5. Bg5 Ne4 6. Bf4 c6 7. e3 Qa5 8. Bd3 Bf5 9. 0-0 Nxc3 10. bxc3 Bxd3 11. Qxd3 Qa6 12. Nd2 Nd7 13. Rfb1 e5 14. Bg3 0-0 15. Qf1 exd4 16. cxd4 c5 17. cxd5 cxd4 18. Qxa6 bxa6 19. Rb7 dxe3 20. Rd1 exd2 21. Rxd7 Rfe8 22. Kf1 Bc3 23. f3 Re3 24. Bf2 Rae8 25. Rd8 Re1+ 0-1

[Event "Vojvodina-chT"]
[Site "Kac"]
[Date "2016.11.15"]
[Round "1.5"]
[White "Moldovanovic, Dragan"]
[Black "Nagy, Attila"]
[Result "0-1"]
[WhiteElo "2005"]
[BlackElo "2185"]
[PlyCount "92"]
[EventDate "2016.11.15"]
[EventType "team-tourn"]
[EventRounds "11"]
[EventCountry "SRB"]
[SourceTitle "CBM 175 Extra"]
[Source "ChessBase"]
[SourceDate "2016.12.12"]
[SourceVersion "1"]
[SourceVersionDate "2016.12.12"]
[SourceQuality "1"]
[WhiteTeam "Banovci Dunav"]
[BlackTeam "Senta"]
[WhiteTeamCountry "SRB"]
[BlackTeamCountry "SRB"]

1. d4 Nf6 2. c4 g6 3. Nc3 c5 4. Nf3 Bg7 5. Bg5 cxd4 6. Nxd4 0-0 7. e3 Nc6 8. Be2 Qa5 9. Bxf6 Bxf6 10. 0-0 Bg7 11. Nb3 Qd8 12. Qd2 d6 13. Rfd1 Be6 14. Nd4 Nxd4 15. exd4 Rc8 16. b3 a6 17. Bf3 Rb8 18. a4 Bf5 19. Ra2 Re8 20. Nd5 b5 21. Nb4 bxc4 22. Nc6 c3 23. Qxc3 Qc7 24. Qc4 Rb6 25. b4 Be6 26. d5 Rxc6 27. Qxc6 Qxc6 28. dxc6 Bxa2 29. b5 Bc3 30. a5 axb5 31. a6 Be5 32. Bd5 Bxd5 33. Rxd5 e6 34. Rxb5 d5 35. a7 Ra8 36. Rb7 Kg7 37. Kf1 Bd4 38. c7 Bxa7 39. Rxa7 Rc8 40. Ke2 Kf6 41. g4 h6 42. Rb7 Ke5 43. Ke3 Kd6 44. h4 Rxc7 45. Rb8 Rc3+ 46. Ke2 Rh3 0-1

[Event "Stari Banovci Vidovdan op"]
[Site "Stari Banovci"]
[Date "2016.06.30"]
[Round "4"]
[White "Moldovanovic, Dragan"]
[Black "Zegarac, Vuk"]
[Result "0-1"]
[WhiteElo "2019"]
[BlackElo "2174"]
[PlyCount "90"]
[EventDate "2016.06.28"]
[EventType "swiss"]
[EventRounds "9"]
[EventCountry "SRB"]
[SourceTitle "CBM 173 Extra"]
[Source "ChessBase"]
[SourceDate "2016.08.29"]
[SourceVersion "1"]
[SourceVersionDate "2016.08.29"]
[SourceQuality "1"]

1. d4 d5 2. c4 c6 3. Nc3 Nf6 4. Nf3 a6 5. Bf4 dxc4 6. a4 Nd5 7. Bd2 Nxc3 8. Bxc3 b5 9. e4 e6 10. Qd2 Bb7 11. Be2 Be7 12. 0-0 0-0 13. Rfd1 Nd7 14. Ba5 Qc8 15. Qf4 Bd8 16. Bb4 Re8 17. Bd6 Be7 18. Bc7 Nf6 19. Ba5 c5 20. e5 Nd5 21. Qg3 cxd4 22. Rxd4 Qc5 23. Bd2 Bf8 24. Rc1 Ne7 25. Rg4 Nf5 26. Qf4 Rad8 27. Be1 g6 28. h4 h5 29. Rg3 Bh6 30. Rg5 Bxg5 31. Qxg5 Qe7 32. b3 Bxf3 33. Bxf3 Nxh4 34. Qxe7 Nxf3+ 35. gxf3 Rxe7 36. bxc4 bxc4 37. Rxc4 Rd1 38. Re4 Rb7 39. Kg2 Rbb1 40. Ba5 Rg1+ 41. Kh2 Rh1+ 42. Kg3 Rbg1+ 43. Kf4 Rh4+ 44. Ke3 Rxe4+ 45. Kxe4 h4 0-1

[Event "WchT Silent"]
[Site "Opatija"]
[Date "2014.06.25"]
[Round "7.4"]
[White "Moldovanovic, Dragan"]
[Black "David, Barry"]
[Result "1-0"]
[WhiteElo "2034"]
[BlackElo "1752"]
[PlyCount "79"]
[EventDate "2014.06.19"]
[EventType "team-swiss"]
[EventRounds "9"]
[EventCountry "CRO"]
[SourceTitle "CBM 161 Extra"]
[Source "ChessBase"]
[SourceDate "2014.08.29"]
[SourceVersion "1"]
[SourceVersionDate "2014.08.29"]
[SourceQuality "1"]
[WhiteTeam "Serbia"]
[BlackTeam "England"]
[WhiteTeamCountry "SRB"]
[BlackTeamCountry "ENG"]

1. Nf3 d5 2. d4 Nf6 3. c4 e6 4. Nc3 Be7 5. e3 0-0 6. Be2 c6 7. 0-0 Nbd7 8. a3 a5 9. b3 Re8 10. Bb2 Qc7 11. Rc1 Qb8 12. Bd3 Bd6 13. e4 dxe4 14. Nxe4 Nxe4 15. Bxe4 Nf6 16. Bb1 b5 17. c5 Bf4 18. Rc2 Nd5 19. Ne5 Qc7 20. Re2 f6 21. Nf3 Ba6 22. Rfe1 Qd7 23. Bd3 Bc7 24. g3 Re7 25. Qc2 g6 26. Nd2 f5 27. Nf3 Rae8 28. Ne5 Bxe5 29. Rxe5 Bc8 30. Qd2 Qc7 31. Qg5 Rf8 32. Bxb5 cxb5 33. Rxd5 Bb7 34. Rd6 Bc8 35. b4 a4 36. d5 Rfe8 37. Qf6 Rg7 38. Qxg7+ Qxg7 39. Bxg7 Kxg7 40. Rb6 1-0

[Event "WchT Silent"]
[Site "Opatija"]
[Date "2014.06.21"]
[Round "3.1"]
[White "Shajakhmetov, Linat"]
[Black "Moldovanovic, Dragan"]
[Result "1-0"]
[WhiteElo "2079"]
[BlackElo "2034"]
[PlyCount "127"]
[EventDate "2014.06.19"]
[EventType "team-swiss"]
[EventRounds "9"]
[EventCountry "CRO"]
[SourceTitle "CBM 161 Extra"]
[Source "ChessBase"]
[SourceDate "2014.08.29"]
[SourceVersion "1"]
[SourceVersionDate "2014.08.29"]
[SourceQuality "1"]
[WhiteTeam "Russia"]
[BlackTeam "Serbia"]
[WhiteTeamCountry "RUS"]
[BlackTeamCountry "SRB"]

1. Nf3 Nf6 2. c4 e6 3. g3 d5 4. d4 Be7 5. Bg2 0-0 6. 0-0 c5 7. cxd5 Nxd5 8. e4 Nf6 9. Nc3 cxd4 10. Nxd4 a6 11. e5 Nfd7 12. Re1 Qc7 13. Qe2 Rd8 14. Bf4 Nf8 15. Rad1 Ng6 16. Bc1 Nd7 17. f4 Rb8 18. Kh1 Ndf8 19. Be3 Bd7 20. Rc1 Rbc8 21. h4 Qb8 22. h5 Nh8 23. Ne4 Rxc1 24. Rxc1 Rc8 25. Qd2 f6 26. exf6 gxf6 27. Rf1 Nf7 28. Qd1 f5 29. Nc3 Nh6 30. Bf3 Rd8 31. Qe2 Bf6 32. g4 Bxd4 33. Bxd4 Bc6 34. Be5 Qc8 35. gxf5 Bxf3+ 36. Rxf3 exf5 37. Kg2 Ng4 38. Rd3 Qc6+ 39. Kg3 Re8 40. Rd5 Nf6 41. Rd4 b5 42. Qf3 Qxf3+ 43. Kxf3 Nxh5 44. Rd6 Re6 45. Rd8 Ng7 46. Nd5 Kf7 47. Ra8 Ne8 48. Ra7+ Kg6 49. Ne7+ Kh6 50. Nxf5+ Kg6 51. Nd4 Rb6 52. f5+ Kg5 53. Ra8 Nd7 54. Bf4+ Kf6 55. Rxe8 Nc5 56. Kg4 h5+ 57. Kxh5 Nd3 58. Bg5+ Kf7 59. Re7+ Kg8 60. f6 Rd6 61. f7+ Kf8 62. Ne6+ Rxe6 63. Rxe6 Kxf7 64. Rxa6 1-0

[Event "Vojvodina-chT 2nd League"]
[Site "Stari Banovci"]
[Date "2013.11.07"]
[Round "6"]
[White "Runic, Zoran"]
[Black "Moldovanovic, Dragan"]
[Result "1-0"]
[WhiteElo "2424"]
[BlackElo "2057"]
[PlyCount "92"]
[EventDate "2013.11.03"]
[EventType "team-tourn"]
[EventRounds "11"]
[EventCountry "SRB"]
[SourceTitle "EXT 2015"]
[Source "ChessBase"]
[SourceDate "2014.11.20"]
[SourceVersion "1"]
[SourceVersionDate "2014.11.20"]
[SourceQuality "1"]

1. e4 c6 2. d4 d5 3. e5 Bf5 4. Nf3 e6 5. Be2 Nd7 6. 0-0 Be7 7. b3 c5 8. c4 a6 9. cxd5 exd5 10. Nc3 Be6 11. dxc5 Nxc5 12. Nd4 Rc8 13. f4 g6 14. f5 gxf5 15. Bh5 Qb6 16. Be3 Nd7 17. Na4 Qa7 18. Qf3 Nxe5 19. Qg3 Ng6 20. Nxe6 Qb8 21. Ng7+ Kf8 22. Nxf5 Qxg3 23. hxg3 Nf6 24. Bxg6 fxg6 25. Nxe7 Kxe7 26. Bg5 Rc6 27. Rae1+ Kf7 28. Re2 h6 29. Bxf6 Rxf6 30. Rxf6+ Kxf6 31. Nc5 Rh7 32. Re6+ Kf5 33. g4+ Kg5 34. Re5+ Kxg4 35. Rxd5 Re7 36. Rd6 Kh5 37. Rb6 g5 38. Rxb7 Re2 39. a4 Kh4 40. Rb4+ g4 41. Kh2 a5 42. Rc4 h5 43. Ne4 Rb2 44. Rc3 Re2 45. Rc4 Rb2 46. Rc5 Re2 1-0